000 00293nam a22001337a 4500
008 170616b xxu||||| |||| 00| 0 eng d
020 _a9780073516066
041 _aeng
080 _227 ED
_a32
100 _a20
101 _aSHP
245 _aWORLD POLITICS
_cPURKITT.H.E
942 _2udc
_cBK
999 _c17681
_d17681